| 000 | 00571nam a2200133Ia 4500 | ||
|---|---|---|---|
| 008 | 160809s9999 xx 000 0 und d | ||
| 100 | _aSucuoglu, NImet Bulbin. | ||
| 245 | _aINSTRUCTIONAL VARIABLES OF INCLUSIVE ELEMENTARY CLASSROOMS IN TURKEY | ||
| 245 | _cNimet Bulbin Sucuoglu Selma Akalin Ankara University Elif Sazak Pinar Abant Izzet Baysal University. | ||
| 260 | _bInternational Journal of Special Education | ||
| 260 | _c2015 | ||
| 650 | _xSPECIAL EDUCATION | ||
| 856 | _uhttp://www.internationaljournalofspecialed.com/issues/IJSE%20ENTIRE%20ISSUE%2030%201.pdf | ||
| 999 |
_c300267 _d300267 |
||